Governors of Louisiana Quiz - Statistics

General Stats
  • This quiz has been taken 68 times
    21 since last reset
  • The average score is 15 of 57
Answer Stats
Years Governor % Correct
1928–1932 Huey Long
89%
1939–1940, 1948–1952, 1956–1960 Earl Long
84%
2016–2024 John Bel Edwards
79%
2024– Jeff Landry
74%
1974–1972, 1984–1988, 1992–1996 Edwin Edwards
68%
2008–2016 Bobby Jindal
53%
2004–2008 Kathleen Blanco
47%
1824–1828 Henry Johnson
42%
1846–1850 Isaac Johnson
42%
1988–1992 Buddy Roemer
37%
1980–1984 Dave Treen
32%
1944–1948, 1960–1964 Jimmie Davis
32%
1996–2004 Mike Foster
32%
1892–1900 Murphy J. Foster
32%
1940–1944 Sam H. Jones
32%
1820–1824 Thomas B. Robertson
26%
1812–1816 William C. C. Claiborne
26%
1843–1846 Alexandre Mouton
21%
1932 Alvin Olin King
21%
1824 Henry S. Thibodaux
21%
1864–1865 Henry Watkins Allen
21%
1816–1820 Jacques Villeré
21%
1936 James A. Noe
21%
1964–1972 John McKeithen
21%
1850–1853 Joseph Marshall Walker
21%
1868 Joshua Baker
21%
1932–1936 Oscar K. Allen
21%
1853–1856 Paul Octave Hébert
21%
1872–1873 P. B. S. Pinchback
21%
1856–1860 Robert C. Wickliffe
21%
1831–1835, 1839–1843 Andre B. Roman
16%
1829–1830 Armand Beauvais
16%
1867–1868 Benjamin Flanders
16%
1835–1839 Edward Douglass White Sr.
16%
1877–1880, 1888–1892 Francis T. Nicholls
16%
1862–1864 George Foster Shepley
16%
1868–1872 Henry C. Warmoth
16%
1924–1926 Henry L. Fuqua
16%
1830–1831 Jacques Dupré
16%
1865–1867 James Madison Wells
16%
1908–1912 Jared Y. Sanders Sr.
16%
1873 John McEnery
16%
1920–1924 John M. Parker
16%
1880–1881 Louis A. Wiltz
16%
1912–1916 Luther E. Hall
16%
1864–1865 Michael Hahn
16%
1904–1908 Newton C. Blanchard
16%
1926–1928 Oramel H. Simpson
16%
1828–1829 Pierre Derbigny
16%
1936–1939 Richard W. Leche
16%
1952–1956 Robert F. Kennon
16%
1916–1920 Ruffin G. Pleasant
16%
1881–1888 Samuel D. McEnery
16%
1860–1864 Thomas Overton Moore
16%
1873–1877 William Pitt Kellogg
16%
1900–1904 William Wright Heard
16%
1877 Stephen B. Packard
11%
No matching quizzes found
Score Distribution
Percent of People with Each Score
Percentile by Number Answered
Your Score History
You have not taken this quiz since the last reset